Nascar Truck Series Winners At Daytona - Statistics

General Stats
  • This quiz has been taken 14 times
  • The average score is 18 of 26
Answer Stats
Year Truck Winner % Correct
2025 Tricon Garage#11 Corey Heim
100%
2014 Kyle Busch Motorsports #51 Kyle Busch
100%
2021 Thorsport Racing#99 Ben Rhodes
92%
2005 Bobby Hamilton Racing#04 Bobby Hamilton
92%
2022 Front Row Motorsports #38 Zane Smith
92%
2023 Front Row Motorsports #30 Zane Smith
92%
2019 Hattori Racing Enterprises#16 Austin Hill
83%
2004 Roush Racing#99 Carl Edwards
83%
2013 Thorsport Racing#98 Johnny Sauter
83%
2016 GMS Racing#21 Johnny Sauter
83%
2018 GMS Racing#21 Johnny Sauter
83%
2011 Billy Ballew Motorsports #15 Michael Waltrip
83%
2008 Germain Racing#30 Todd Bodine
83%
2009 Germain Racing#30 Todd Bodine
83%
2015 Brad Keselowski Racing#19 Tyler Reddick
83%
2024 Rev Racing#2 Nick Sanchez
75%
2020 Thorsport Racing#98 Grant Enfinger
58%
2012 Red Horse Racing#7 John King
50%
2006 Roush Racing #6 Mark Martin
50%
2010 Red Horse Racing#17 Timothy Peters
50%
2017 GMS Racing#33 Kaz Grala
42%
2000 Ultra Motorsports#2 Mike Wallace
33%
2003 Circle Bar Racing#14 Rick Crawford
33%
2007 Wyler Racing #60 Jack Sprague
25%
2001 Bobby Hamilton Racing#18 Joe Ruttman
17%
2002 Bobby Hamilton Racing#18 Robert Pressley
17%
No matching quizzes found
Score Distribution
Percent of People with Each Score
Percentile by Number Answered
Your Score History
You have not taken this quiz